Sang Thu của Hữu Thỉnh : Giao mùa và giao thời trong sự vận dụng của một tứ thơ /

Na minha lista:
Detalhes bibliográficos
Autor principal: Nguyễn Văn Long.
Formato: Atigo
Idioma:Vietnamese
Assuntos:
Tags: Adicionar Tag
Sem tags, seja o primeiro a adicionar uma tag!
Thư viện lưu trữ: Thư viện Trường Đại học Đà Lạt
LEADER 00838nam a2200289 4500
001 DLU110126420
005 ##20111011
040 # # |a DLU  |b vie 
041 # # |a vie 
044 # # |a vn 
100 # # |a Nguyễn Văn Long. 
245 # # |a Sang Thu của Hữu Thỉnh :  |b Giao mùa và giao thời trong sự vận dụng của một tứ thơ /  |c Nguyễn Văn Long. 
653 # # |a Cảm xúc 
653 # # |a Giao mùa 
653 # # |a Hình tượng nghệ thuật 
653 # # |a Thiên nhiên 
653 # # |a Vũ trụ 
773 # # |t Thơ  |g Số 4, 2010, tr. 50-56 
920 # # |a Phòng Tạp chí -- Trung tâm Thông tin - Thư viện Trường Đại học Đà Lạt 
994 # # |a DLU 
900 # # |a True 
911 # # |a Nguyễn Thị Linh Chi 
925 # # |a G 
926 # # |a A 
927 # # |a BB 
980 # # |a Thư viện Trường Đại học Đà Lạt